Дело о взыскании штрафа с артиста Боре за просрочку билета слуги Тейерт, проживающего у него

Доступно только в Электронных читальных залах Найти на картеНа карте
RUSMARC
00005477nmc2a22000003x 450
001c6acbe51-9bfa-4820-bd2e-089040a081da
00520190524121135.0
100##$a20161212l18101810k l0rusy0189 ca
1010#$arus
102##$aRU
2001#$aДело о взыскании штрафа с артиста Боре за просрочку билета слуги Тейерт, проживающего у него
$j5 августа - 8 октября 1810 г.
251##$cДело
300##$aДело
801#0$aRU
$bРГИА
$c20161212
$gRCR
801#1$aRU
$bГлавНИВЦ
$c20161212
$2rusmarc
801#2$aRU
$bПБ им. Б.Н. Ельцина
$c20180928
$gRCR
$2rusmarc
850##$aРГИА
852##$aРГИА
$eФедеральное казенное учреждение "Российский государственный исторический архив" (РГИА)
$j196
937##$hРГИА
$d12234016
$aASBIBLIO_SCAN
462#0$1001dd3991dc-24e1-42ec-8838-ca4255420416
$12001
$a1746-1850 гг.
$1251
$cОпись
$1852
$j1
461#0$10019264ebf8-de62-4f1a-9eb4-9f22098dbbd5
$12001
$aДирекция императорских театров МИДв
$1251
$cФонд
$1852
$j497
215##$a5 л.
$d36,5х26 см
371##$aДокумент не является опубликованным и широко распространяемым
105##$ay###
1222#$ad
035##$ac6acbe51-9bfa-4820-bd2e-089040a081da
856##$uhttp://readingroom.main.prlib.ru/item.aspx?id_node=n118726015&mode=full
60101$2prlib_sh
$3LIBNET\UAF\0000083361
$aРоссия
$bДирекция императорских театров
$bПетербургская контора
$jДокументы и материалы
60102$aПетербургское управление обер-полицмейстера
$jДокументы и материалы
$2prlib_sh
$3LIBNET\UAF\0000083377
602##$2prlib_sh
$3LIBNET\UAF\0000083376
$aГоленищевы-Кутузовы (дворянский род)
$jДокументы и материалы
605##$2acquisition_Prlib
$3DITM\AF\0000002775
$aВласть
$lколлекция
605##$aРоссия в лицах
$lколлекция
$2acquisition_Prlib
$3DITM\AF\0000004166
605##$aГод театра в России
$lколлекция
$2acquisition_Prlib
$3LIBNET\UAF\0000080478
686##$2rubbk
$a63.3(2)521.1
$vLBC/M
686##$a85.33
$vLBC/M
$2rubbk
Формат отображения